Long engagements, maturity in modern Japan

The rhetoric of maturity; The fabrication of lives; A suicide cadet; A team captian; A spoiled daughter...

Đã lưu trong:
Sonraí Bibleagrafaíochta
Príomhúdar: Plath, David W.
Formáid: Leabhar
Teanga:Undetermined
Foilsithe: Stanford, Calif. Stanford University Press 1980
Ábhair:
Clibeanna: Cuir Clib Leis
Gan Chlibeanna, Bí ar an gcéad duine leis an taifead seo a chlibeáil!
Thư viện lưu trữ: Trung tâm Học liệu Trường Đại học Cần Thơ
LEADER 00736nam a2200205Ia 4500
001 CTU_223583
008 210402s9999 xx 000 0 und d
082 |a 305.2 
082 |b P717 
100 |a Plath, David W. 
245 0 |a Long engagements, maturity in modern Japan 
245 0 |c David W. Plath 
260 |a Stanford, Calif. 
260 |b Stanford University Press 
260 |c 1980 
520 |a The rhetoric of maturity; The fabrication of lives; A suicide cadet; A team captian; A spoiled daughter... 
650 |a Middle-aged persons,Longevity,Người trung niên,Tuổi thọ 
650 |z Japan,Japan,Nhật Bản,Nhật Bản 
904 |i Trúc 
980 |a Trung tâm Học liệu Trường Đại học Cần Thơ